000 00921nas a2200301 4500
001 BR2011003390
003 BR-BrBNA
005 20231205115018.0
007 ta
008 230509b bl.|||p| |||| 00| 00por d
040 _aBR-BrBNA
_bpor
_cBiblioteca Nacional de Agricultura
041 _a(Pt)
072 _aF08
100 1 _aBorges, A.C.M.R.
100 1 _aKato, O.R.
100 1 _aPinheiro, H.A.
100 1 _aShimizu, M.K.
100 1 _aRangel-Vasconcelos, L.G.T.
100 1 _aOliveira Júnior, M.C.M. de
245 1 _aCrescimento e produção de fitomassa de variedades de milho em diferentes manejos da capoeira
650 _aMILHO
650 _aCORTE
650 _aPLANTIO DIRETO
650 _aCAPOEIRA
773 0 _tPesquisa Agropecuária Brasileira (Brazil)
_xISSN 0100-204X
_g(Feb 2011), v. 46(2) p. 143-151
_wBR2011003390
909 _a202311
_bLúcia
_c55
_dLúcia Elande
942 _2AGRIS
_n0
_cANA
999 _c211654
_d211654